| 000 | 00578nam a2200181Ia 4500 | ||
|---|---|---|---|
| 003 | GCL | ||
| 008 | 140319s9999 xx 000 0 ara d | ||
| 040 |
_aGCL / _cGCL |
||
| 082 | 0 | 4 |
_a350.754 _bم ت |
| 100 | 1 | _aمحمد رشاد الحملاوى | |
| 245 | 1 | 0 |
_aالتخطيط الاستراتيجى / _cمحمد رشاد الحملاوى |
| 260 |
_aالقاهرة : _bمكتبة عين شمس ، _c1991 |
||
| 300 |
_a240 ص ؛ _c24 سم |
||
| 650 | 0 | 4 | _aالتخطيط الاقتصادى |
| 650 | 0 | 4 | _aادارة الاعمال |
| 650 | 0 | 4 | _aالادارة |
| 942 |
_2ddc _cBK |
||
| 999 |
_c9836 _d9836 |
||